000 00235 a2200097 4500
001 26459
100 _aReade's Digst Assn.
245 _aIllustrated family Red. Encyclopidia
260 _a
_bRead's Digst Asso.
_c
090 _c17798
_d17798
942 _aNUST-CAE
_cM
_c8666
999 _c261532
_d261532